| 000 | 00392 a2200157 4500 | ||
|---|---|---|---|
| 003 | OSt | ||
| 005 | 20180116182642.0 | ||
| 008 | 160429b xxu||||| |||| 00| 0 eng d | ||
| 020 | _a09788177589689 | ||
| 040 | _c0 | ||
| 100 | _aGerald Albaum. | ||
| 245 | _aInternational Marketing and Export Management. | ||
| 250 | _a5th | ||
| 260 |
_aNew Delhi _c2008 |
||
| 942 |
_aNBS _cBK _k658.848 ALB _2ddc |
||
| 999 |
_c343465 _d343465 |
||